La gravidanza tra fantasia e realtà (Record n. 214629)

Dettagli MARC
000 -LEADER
campo di controllo lung. fissa 01247nam a2200229Ia 4500
001 - Numero di controllo
campo di controllo b2806-25005 [4004]
003 - Identificatore del numero di controllo
campo di controllo IT-MiCISF
005 - Data e orario dell'ultima transazione
campo di controllo 20230307141753.0
008 - Elementi di lunghezza fissa--Informazione generale
campo di controllo lung. fissa 161014s9999||||xx |||||||||||||| ||und||
040 ## - Fonte della catalogazione
Agenzia catalografica originale IT-MiCISF
Agenzia che fa la trascrizione IT-MiCISF
041 ## - Codice di lingua
Codice di lingua del testo/traccia sonora o titolo separato it
100 ## - Accesso principale -- nome di persona
Nome di persona Ammaniti Massimo (a cura di)
9 (RLIN) 59624
245 #0 - Formulazione del titolo
Titolo La gravidanza tra fantasia e realtà
260 ## - Pubblicazione, distribuzione, ecc. (stampa)
Luogo di pubblicazione, distribuzione, ecc. Roma,
Nome dell'editore, distributore, ecc. Il Pensiero Scientifico,
Data di pubblicazione, distribuzione, ecc. 1992
300 ## - Descrizione fisica
Estensione pp. 235
500 ## - Nota generale
Nota generale / gravidanza, esperienze, psicologia, psicoanalisi, corpo, identità-femminile, conflitto, nascita, vissuto-maternità, rapporti-madre-figli, periodo-perinatale, periodo-neonatale, procreazione-artificiale, adolescenza, tossicodipendenza /
650 ## - Accesso aggiunto di soggetto--termine topico
Termine topico o nome geografico come accesso procreazione
9 (RLIN) 56309
654 ## - Accesso aggiunto di soggetto--termini topici faccettati
Termine principale saggio
700 ## - Accesso aggiunto--nome di persona
Nome di persona Albergamo M., Ammaniti M., Antonioli M.E., Birksted-Breen D., Candelori C.,
-- Cocci V., De Benedetti Gaddini R., Fava Vizziello G.M., Ferraro F., Fonagy P.,
-- Frassine R., Giannotti A., Guerrini Degl'Innocenti B., Invernizzi R., Lipari E,
-- Matarazzo O., Mazzoni S., Muscetta S., Natali P., Nunziante Cesaro A., Pazzagli A.,
-- Pennisi L., Perucchini P., Piontelli A., Pola M., ,Sabatello U., Speranza A.M., Tambelli R., Veneziano M.
9 (RLIN) 59625
942 ## - Dati aggiuntivi (Koha)
Tipo copia default (Koha) LIBRO
Fonte della classificazione o dello schema di collocazione (segnatura) Dewey Decimal Classification
999 ## - Sys Number locale (Koha)
Koha Dewey Subclass [OBSOLETE] si
Dati di copia
Ritirato (status) Perso (status) Danneggiato (status) Non per il presito Biblioteca proprietaria Biblioteca in cui si trova Data d'acquisizione Totale prestiti Collocazione Data ultima operazione Prezzo in vigore dal Tipo copia default (Koha) Nota pubblica
    Buone Condizioni Not For Loan CISF - Milano CISF - Milano 14/10/2016   b2806-25005 [4004] 14/10/2016 14/10/2016 LIBRO Data import 15.10.2016 / by Epidotti, Vaglietti
CREDITS: SOCIETA' SAN PAOLO Via A.Severo, 58 - ROMA (RM) & PERIODICI SAN PAOLO SRL Via Giotto, 36 MILANO & CISF Via Giotto, 36 MILANO & EDIZIONI SAN PAOLO SRL,  Piazza Soncino, 5 CINISELLO BALSAMO (MI) -- ITALY